Inovácia vzdelávacieho procesu e-learningovou podporou štúdia na Drevárskej fakulte TU vo Zvolene
Skúsenosti autorov článku s inováciou vzdelávacieho procesu v podmienkach Drevárskej fakulty TU vo Zvolene. Kvalitatívne hodnotenie úspešnosti štúdia využívaním e-learningovej podpory v module Ekonomika podniku. Skvalitnenie a zatraktívnenie učebného procesu. Náročnosť aplikácie e-learningu v reálno...
Salvato in:
| Autore principale: | |
|---|---|
| Altri autori: | |
| Natura: | Capitolo di libro |
| Lingua: | slovacco |
| Soggetti: | |
| Tags: |
Nessun Tag, puoi essere il primo ad aggiungerne!!
|
MARC
| LEADER | 00000naa$a2200000$$$4500 | ||
|---|---|---|---|
| 001 | 0090749 | ||
| 005 | 20220321080728.2 | ||
| 041 | 0 | |a slo | |
| 044 | |a SK | ||
| 245 | 1 | 0 | |a Inovácia vzdelávacieho procesu e-learningovou podporou štúdia na Drevárskej fakulte TU vo Zvolene |c Marek Potkány, Pavol Gejdoš |
| 520 | |a Skúsenosti autorov článku s inováciou vzdelávacieho procesu v podmienkach Drevárskej fakulty TU vo Zvolene. Kvalitatívne hodnotenie úspešnosti štúdia využívaním e-learningovej podpory v module Ekonomika podniku. Skvalitnenie a zatraktívnenie učebného procesu. Náročnosť aplikácie e-learningu v reálnom prostredí dennej formy vysokoškolského štúdia. | ||
| 610 | 2 | 0 | |a vzdelávanie vysokoškolské |
| 610 | 2 | 0 | |a vzdelávanie elektronické |
| 610 | 2 | 0 | |a predmety učebné |
| 610 | 2 | 0 | |a štúdium denné |
| 610 | 2 | 0 | |a kvalita |
| 610 | 2 | 0 | |a univerzity |
| 100 | 1 | |a Potkány, Marek | |
| 700 | 1 | |a Gejdoš, Pavol | |